Japan architectural review international journal of Japan architectural review for engineering and design.

Detalles Bibliográficos
Autores Corporativos: John Wiley & Sons, Nihon Kenchiku Gakkai
Formato: Electrónico Revista
Lenguaje:inglés
Publicado: Hoboken, NJ : [Brisbane] : John Wiley & Sons ; John Wiley & Sons Australia, 2018-
Materias:
Acceso en línea:Full text available from Research Library: 01/01/2018 to present

MARC

LEADER 00000nas a2200000 i 4500
001 ssj0001916293
003 WaSeSS
005 20200512172242.0
006 m d
007 cr n
008 170202c20189999njuqr p s | a0eng
010 |a  2017200059 
015 |a GBB853674  |2 bnb 
016 7 |a 018607019  |2 Uk 
022 |a 2475-8876 
035 |a (WaSeSS)ssj0001916293 
037 |b John Wiley & Sons, The Atrium, Southern Gate, Chichester PO19 8SQ 
040 |a DLC  |b eng  |c DLC  |d VT2  |d OCLCF  |d WIC  |d OCLCQ  |d DLC  |d OCL  |d UKMGB  |d OCLCQ  |d WaSeSS 
042 |a pcc  |a nsdp 
043 |a a-ja--- 
050 0 0 |a NA2750 
050 1 4 |a TH105 
082 0 0 |a 720.95  |2 23 
222 0 |a Japan architectural review 
245 0 0 |a Japan architectural review  |h [electronic resource] :  |b international journal of Japan architectural review for engineering and design. 
246 1 |a JAR 
260 |a Hoboken, NJ :  |b John Wiley & Sons ;  |a [Brisbane] :  |b John Wiley & Sons Australia,  |c 2018- 
310 |a Four times a year 
362 1 |a Began with: Volume 1, issue 1 (January 2018). 
506 |a License restrictions may limit access. 
550 |a Official journal of the Architectural Institute of Japan. 
588 |a Description based on: Volume 1, issue 1 (January 2018); title from pdf cover (onlinelibrary.wiley.com website, viewed June 8, 2018). 
588 |a Latest issue consulted: Volume 1, issue 2 (April 2018) (viewed June 8, 2018). 
650 0 |a Architectural design  |v Periodicals. 
650 0 |a Architecture  |z Japan  |v Periodicals. 
650 0 |a Building  |z Japan  |v Periodicals. 
650 0 |a Building  |v Periodicals. 
650 7 |a Building.  |2 fast  |0 (OCoLC)fst00840551 
650 7 |a Architecture.  |2 fast  |0 (OCoLC)fst00813346 
650 7 |a Architectural design.  |2 fast  |0 (OCoLC)fst00813184 
651 7 |a Japan.  |2 fast  |0 (OCoLC)fst01204082 
655 0 |a Electronic journals. 
710 2 |a John Wiley & Sons. 
710 2 |a Nihon Kenchiku Gakkai. 
850 |a DLC 
856 4 0 |z Full text available from Research Library: 01/01/2018 to present  |u https://search.proquest.com/publication/4370310